LEADER 01066nam a2200253 i 4500 001 000000153775 003 CaOOAMICUS 005 20080109000000.0 008 080109s1966 it u000 u ita u 013 $a131118 040 $aSeMil$bita 100 1 $aScavizzi, Giuseppe.$0(OLS)http://semarc/name/8522 245 10$aTesto. 300 $a268 p., [11] c. di tav., [26] p. di tav. 490 0 $aCollana di storia dell'architettura, ambiente, urbanistica, arti figurative 500 $aIn custodia con i vol.mi 2. e 3. - Fondo Card. Giovanni Colombo. 700 1 $aFerrari, Oreste.$0(OLS)http://semarc/name/8521 773 0 $aFerrari, Oreste$tLuca Giordano.$dNapoli : Edizioni Scientifiche Italiane, 1966.$g1$w()19028 830 0$aCollana di storia dell'architettura, ambiente, urbanistica, arti figurative.$0(OLS)http://semarc/title/25028 850 $aSeMil 852 $aSeMil$W1$xVenegono$y1$m5Q XVI 10$j105664$B105664$CSeMilBibl$Z2$F130325 $8I 941 1 $a3 961 $aLascito: Colombo Card. Giovanni 996 $6245$aTesto$9(OLS)http://semarc/title/52238 LEADER 01102nam a2200253 i 4500 001 000000076257 003 CaOOAMICUS 005 20090305000000.0 008 090305s1975 gw u000 u ger u 013 $a47429 020 $a3-518-07420-2 040 $aSeMil$bita 100 1 $aFeuerbach, Ludwig,$d<1804-1872>.$0(OLS)http://semarc/name/1578 245 10$aKritiken und Abhandlungen 3. :$b1844-1866 /$cLudwig Feuerbach. 260 $aFrankfurt am Main :$bSuhrkamp,$c1975. 300 $a494 p. ;$c18 cm. 490 0 $aTheorie. Werkausgabe 773 0 $aFeuerbach, Ludwig <1804-1872>$tWerke in sechs Bänden.$dFrankfurt am Main : Suhrkamp, 1975-1976.$kTheorie. Werkausgabe$g4$w()1740 830 0$aTheorie. Werkausgabe.$0(OLS)http://semarc/title/27503 850 $aSeMil 852 $aSeMil$W1$xVenegono$y1$m2P VI 128$j42409$B42409$CSeMilBibl$Z2$F42413 $81 996 $6020$a3-518-07420-2$9(OLS)http://semarc/number/57060 996 $6245$aKritiken und Abhandlungen 3. :$b1844-1866$9(OLS)http://semarc/title/123588 996 $6260$aFrankfurt am Main :$bSuhrkamp$9(OLS)http://semarc/publisher/30353 LEADER 00589nam a2200181 i 4500 001 000000103883 003 CaOOAMICUS 005 20011018000000.0 008 011018s1934 fr u000 u fre u 013 $a76064 040 $aSeMil$bita 245 10$aChypre-Exode. 300 $a1342 col. 773 0 $tDictionnaire de la Bible.$dParis : Letouzey et Ané, 1928-$gTome2$w()1495 850 $aSeMil 852 $aSeMil$W1$xVenegono$y1$mSL1.R VIII 37$j60330$B60330$CSeMilBibl$Z2$F44803 $8I 961 $aSottoscrizione: Letouzey et Ané 996 $6245$aChypre-Exode$9(OLS)http://semarc/title/150729